00325nam a2200133Ia 4500008004100000082001300041100001500054245003800069250000900107260002900116300000800145500002400153650001400177230524s9999 xx 000 0 und d a547bHAI aS.N.Haider 0aFundamentals of Organic Chemistry a16TH aNEW DELHIbS.Chandc2005 a549 aQuantity Number: 2 aChemistry